ბათუმის შოთა რუსთაველის სახელმწიფო უნივერსიტეტის ბიბლიოთეკა

Технология бетонных и железобетонных изделий. (ბიბ.ჩანაწერი № 41356)

000 -LEADER
fixed length control field 00616nam a2200181Ia 4500
001 - CONTROL NUMBER
control field 8014
003 - CONTROL NUMBER IDENTIFIER
control field GE_BSU
008 - FIXED-LENGTH DATA ELEMENTS--GENERAL INFORMATION
fixed length control field 181216s||||||||xx |||||||||||||| ||und||
040 ## - CATALOGING SOURCE
Transcribing agency GE_BSU
080 ## - UNIVERSAL DECIMAL CLASSIFICATION NUMBER
Universal Decimal Classification number 666.977
100 ## - MAIN ENTRY--PERSONAL NAME
Personal name Колокольникова,В.С.
245 ## - TITLE STATEMENT
Title Технология бетонных и железобетонных изделий.
245 ## - TITLE STATEMENT
Remainder of title Учебник.
245 ## - TITLE STATEMENT
Statement of responsibility, etc. Ред.Н.Н.Попова.
300 ## - PHYSICAL DESCRIPTION
Extent 391стр. с илл. 22см.библиогр.:стр.293.
653 ## - INDEX TERM--UNCONTROLLED
Uncontrolled term Технология бетонных и железобетонных изделий.
942 ## - ADDED ENTRY ELEMENTS (KOHA)
Koha item type წიგნი
ეგზემპლარები
Withdrawn status Lost status Damaged status Not for loan Date acquired Barcode Date last seen Price effective from Koha item type
        2018-12-17 11999 2018-12-17 2018-12-17 წიგნი
        2018-12-17 12000 2018-12-17 2018-12-17 წიგნი